| 000 | 00641nam a22001337a 4500 | ||
|---|---|---|---|
| 040 | _cRUA | ||
| 082 | _aAGR SOU 2015 B520 Or.1 | ||
| 100 | _aSOUN SOPHUN; សួន សុភុន | ||
| 245 | _aComparison of chinese kale (Brassica oleracea alboglabra) varieties in sandy loam soil at royal university of agriculture; ការប្រៀបធៀបពូជខាត់ណាដើមលើដីល្បាយខ្សាច់ក្នុងសាកលវិទ្យាល័យភូមិន្ទកសិកម្ម | ||
| 260 |
_aPhnom Penh _bSOU _c2015 |
||
| 300 |
_ax;46p. _bill. _c29cm. |
||
| 856 | _uSOUN SOPHUN | ||
| 942 | _cAGR | ||
| 999 |
_c10728 _d10728 |
||